| 000 | 00572 a2200217 4500 | ||
|---|---|---|---|
| 001 | 18732 | ||
| 999 |
_c18732 _d5433 |
||
| 003 | TR-AnTOB | ||
| 005 | 20190408213045.0 | ||
| 008 | 041102s2001 tu tur | ||
| 020 | _a975101879x | ||
| 041 | _atur | ||
| 050 |
_aPS3561.I48 _bİ45 2001 |
||
| 090 | _aPS3561.I48 İ45 2001 | ||
| 100 |
_aKing, Larry _910838 |
||
| 245 | 0 |
_aII. Dünya savaşı aşk öyküleri / _cLarry King ; çev. Yasemin Özdemir Bradley. |
|
| 250 | _a2. bs. | ||
| 264 | 1 |
_aİstanbul : _bİnkılap Kitabevi, _c2001 |
|
| 300 |
_a330 p. : _bill. ; _c20 cm. |
||
| 902 | _a0003970 | ||
| 942 | _cBK | ||